Statistics for Counting in Spanish

Click here to take the quiz!

General Stats

  • This quiz has been taken 19 times
  • The average score is 25 of 50

Answer Stats

HintAnswer% Correct
2dos
100%
3tres
100%
1uno
100%
5cinco
93%
4cuatro
86%
10diez
86%
12doce
86%
9nueve
86%
8ocho
86%
11once
86%
6seis
86%
7siete
86%
13trece
86%
14catorce
64%
19diecinueve
57%
18dieciocho
57%
16dieciséis
57%
17diecisiete
57%
15quince
57%
20veinte
57%
50cincuenta
36%
40cuarenta
36%
45cuarenta y cinco
36%
44cuarenta y cuatro
36%
42cuarenta y dos
36%
49cuarenta y nueve
36%
48cuarenta y ocho
36%
46cuarenta y seis
36%
47cuarenta y siete
36%
43cuarenta y tres
36%
30treinta
36%
21veinteuno
36%
22veintidós
36%
23veintitrés
36%
41cuarenta y uno
29%
35treinta y cinco
29%
34treinta y cuatro
29%
32treinta y dos
29%
39treinta y nueve
29%
38treinta y ocho
29%
36treinta y seis
29%
37treinta y siete
29%
33treinta y tres
29%
31treinta y uno
29%
25veintecinco
29%
24veintecuatro
29%
29veintenueve
29%
28veinteocho
29%
27veintesiete
29%
26veintiséis
29%

Score Distribution

Percentile by Number Answered

Percent of People with Each Score

Your Score History

You have not taken this quiz